| 000 | 00615nam a2200241 a 4500 | ||
|---|---|---|---|
| 001 | nice12345678 | ||
| 003 | IN_TiNIC | ||
| 005 | 20260116011423.0 | ||
| 008 | 050524s1951 newa grp 000 0 eng | ||
| 020 |
_a _c100 |
||
| 082 | 0 | 0 |
_a232 _bOUR |
| 100 | _aOursler, Fulton | ||
| 245 |
_aGreatest Story Ever Told _b Tale of the Greatest Life |
||
| 260 |
_aNew York _bPrema Books _c1951 |
||
| 300 | _a396p | ||
| 500 | _aincludes index and biblioraphy | ||
| 505 | 2 | _aGeneral Index | |
| 650 | _aJesus Christ-Person and Offices | ||
| 700 | 1 | _aOursler, Fulton | |
| 902 | _bSRS | ||
| 942 | _cBK | ||
| 999 |
_c1373 _d1373 |
||